| 000 | 01842nam a2200325 4500 | ||
|---|---|---|---|
| 001 | 188 | ||
| 003 | OSt | ||
| 005 | 20250528074014.0 | ||
| 008 | 250131b |||||||e |||| 00| 1 eng d | ||
| 020 | _a9788565530835 | ||
| 040 | _bpor | ||
| 041 |
_heng _apor |
||
| 082 |
_a813 _bD273s |
||
| 100 | 1 |
_aDay, Sylvia _d1973- _9345 |
|
| 240 | _aCaptivated by you | ||
| 245 |
_aSomente sua / _cDay, Sylvia ; Tradução de Alexandre Boide |
||
| 260 |
_aSão Paulo _bParalela _c2014 |
||
| 300 | _a281 p. | ||
| 490 | 1 |
_aCrossfire _vLivro 04 |
|
| 500 | _aSomente sua Sequência de :Para sempre sua | ||
| 520 | _aGideon me chama de anjo, mas é ele o milagre na minha vida. Meu deslumbrante guerreiro ferido, determinado a destruir meus demônios, ao mesmo tempo em que se recusa a encarar os seus. Os votos que trocamos deveriam ter nos deixado mais próximos do que nunca. Em vez disso, abriram feridas antigas, expuseram dor e insegurança, e atraíram os meus inimigos a sair das sombras. Senti que ele se distanciava. Meus maiores medos pareciam virar realidade; meu amor estava sendo testado, me deixando em dúvida se seria forte o suficiente para aguentar. No momento mais alegre de nossas vidas, a escuridão do passado dele ressurge e ameaça tudo pelo que trabalhamos até agora. Teremos que encarar uma escolha terrível: a segurança da vida que tínhamos antes de nos conhecermos ou um futuro que de repente parece um sonho impossível e sem esperança… “Só penso em você. Todos os dias, o dia todo. Tudo que faço, faço pensando em você.” – Somente Sua | ||
| 650 | 0 |
_aLiteratura Americana _984 |
|
| 650 | 0 |
_aAmor e Paixão _925 |
|
| 650 | 0 |
_aErótico _9305 |
|
| 655 | 0 |
_aRomance _923 |
|
| 655 | 0 |
_aFicção _922 |
|
| 700 |
_aAlexandre Boidi _eTradutor _9248 |
||
| 830 |
_aCrossfire _vLivro 04 _9346 |
||
| 942 |
_2ddc _n0 _cBK |
||
| 999 |
_c188 _d188 |
||